[Event "Asia Nations online Cup (Women)"]
[Site "Chess.com INT"]
[Date "2020.10.11"]
[Round "3.8"]
[White "Neupane, Anisha"]
[Black "Su, Laet Nandar"]
[Result "1-0"]
[WhiteElo "1443"]
[BlackElo "1552"]
[PlyCount "77"]
[EventDate "2020.10.11"]
[EventType "team-swiss (rapid)"]
[EventRounds "9"]
[EventCountry "IND"]
[SourceTitle "CBM 198 Extra"]
[Source "ChessBase"]
[SourceDate "2020.11.30"]
[SourceVersion "1"]
[SourceVersionDate "2020.11.30"]
[SourceQuality "1"]
[WhiteTeam "Nepal (W)"]
[BlackTeam "Myanmar (W)"]
[WhiteTeamCountry "NEP"]
[BlackTeamCountry "MYA"]

1. e4 d6 2. Nc3 Nf6 3. f4 g6 4. Nf3 Bg7 5. Bc4 c6 6. a4 Nbd7 7. 0-0 0-0 8. Qe1 e5 9. f5 Nb6 10. Ba2 d5 11. fxg6 fxg6 12. Nxe5 Nxe4 13. Qxe4 Rxf1+ 14. Kxf1 Qf6+ 15. Nf3 Bf5 16. Qh4 Qxh4 17. Nxh4 Bxc2 18. Bb1 Bxb1 19. Nxb1 Rf8+ 20. Nf3 Nc4 21. Nc3 Bh6 22. Ke2 Re8+ 23. Kd1 Kg7 24. b3 Na5 25. b4 Nc4 26. Kc2 Bf4 27. d3 Bxc1 28. dxc4 Bh6 29. cxd5 cxd5 30. Re1 Rxe1 31. Nxe1 d4 32. Nd5 Kf7 33. Kd3 Ke6 34. Kxd4 Bf8 35. Nd3 Bd6 36. g3 a6 37. Nc5+ Bxc5+ 38. Kxc5 b6+ 39. Nxb6 1-0